|
|
|
|
| LEADER |
00000cam a2200000 a 4500 |
| 001 |
72777-2 |
| 003 |
Ucuenca |
| 005 |
20240117084706.0 |
| 008 |
000000|1965 mx |||||r|||||||||||spa|| |
| 040 |
|
|
|b spa
|
| 041 |
1 |
|
|a spa
|
| 082 |
0 |
|
|a 530
|
| 245 |
|
|
|a Física para estudiantes de ciencias e ingeniería
|c David Halliday, Robert Resnick
|h imp
|n Tomo 2
|
| 250 |
|
|
|a 2a. ed., 3a reimpresión
|
| 264 |
|
|
|a México
|b Compañía Editorial Continental
|c 1966
|
| 300 |
|
|
|a 790-1558 páginas:
|c 23 cm
|b ilu
|
| 504 |
|
|
|a incl. ref.
|
| 650 |
|
0 |
|a Física
|9 4976
|
| 650 |
|
|
|a Campos electricos
|9 36151
|
| 650 |
|
|
|a Condensadores
|9 38451
|
| 650 |
|
|
|a Fuerza electromotriz
|9 39071
|
| 650 |
|
0 |
|a Circuito electrónico
|9 34061
|
| 650 |
|
|
|a Campo magnetico
|9 39072
|
| 650 |
|
|
|a Ondas electromagneticas
|9 34141
|
| 650 |
|
|
|a Luz
|9 11279
|
| 650 |
|
4 |
|a Física cuántica
|9 34937
|
| 852 |
|
|
|a UC-CDJBV
|f Compra
|l 1
|m General
|p 00000000
|r 2
|t 72777-2
|b 0
|d CDRC
|e CDRC
|g 530 SEGUNDO PISO
|z 0000-00-00
|
| 942 |
|
|
|c BK
|
| 999 |
|
|
|c 24621
|d 24621
|